[Event "TUR-chT Superleague 2018"]
[Site "Ankara"]
[Date "2018.07.26"]
[Round "2"]
[White "Ali Marandi, Cemil Can"]
[Black "Inarkiev, Ernesto"]
[Result "1-0"]
[WhiteElo "2540"]
[BlackElo "2684"]
[Annotator "TA"]
[PlyCount "59"]
[EventDate "2018.07.25"]
[EventType "team-tourn"]
[EventCountry "TUR"]
[SourceTitle "playchess.com"]
[Source "ChessBase"]
[SourceQuality "1"]

{[%evp 19,59,14,13,-16,-21,-19,-13,-37,-17,-40,71,75,75,83,147,152,128,68,371,358,531,533,513,524,505,512,504,518,647,640,810,748,1231,1129,29984,29982,29994,29995,29995,29996,29996,29997]} 1. d4 Nf6 2. Bf4 e6 3. e3 c5 4. Nd2 Nc6 5. Ngf3 d5 6. c3 cxd4 7. exd4 {D02: 1 d4 d5 2 Nf3 sidelines, including 2...Nf6 3 g3 and 2...Nf6 3 Bf4} (7. cxd4 Qb6 8. Rb1 Nh5 9. Bg5 h6 10. Bh4 g5 11. Bg3 g4 12. Ne5 Nxg3 13. hxg3 Nxe5 14. dxe5 h5 {½-½ (30) Artemiev,V (2701)-Adhiban,B (2661) Sharjah 2018}) 7... Nh5 8. Be3 Bd6 9. Ne5 g6 10. Ndf3 f6 {LiveBook: 7 Games} 11. g4 {Strongly threatening Nxc6.} (11. Ng4 {looks sharper.} O-O 12. Nh6+ Kh8 13. g3 Ne7 14. Bd3) 11... Ng7 12. Nxc6 bxc6 13. h4 $146 {[%cal Bh2h4,Bh4h5,Bh5g6][%mdl 32]} (13. Qa4 $5 {[%cal Ra4c6]} Bd7 14. Be2 $15) ({Predecessor:} 13. Bh6 Qe7 14. Be2 Rb8 {0-1 (24) Rego,P (2292)-Gomez Ledo,R (2442) Lisbon 2018}) 13... e5 14. h5 e4 (14... gxh5 $1 $15 {stays ahead.} 15. Qa4 (15. gxh5 Nf5 $17) 15... Bd7 16. gxh5 Nf5) 15. hxg6 $16 Bxg4 16. Rxh7 Rg8 (16... Rxh7 $142 17. gxh7 Ke7) 17. Qa4 $36 {[%mdl 2048] White is in control.} Rc8 18. Nd2 ({Inferior is} 18. Qxa7 Rc7 $17) (18. Nh4 $16) 18... Nf5 $2 {[%mdl 8192] [#]} ({Better is} 18... Rc7 $14) 19. Nxe4 $1 $18 {[%mdl 512]} Be7 (19... dxe4 $142 20. d5 Rc7) 20. Bf4 Qb6 21. Rxe7+ Kxe7 22. Qa3+ c5 23. Nxc5 {And now Na4+ would win.} Kd8 24. Kd2 Nh4 25. Bd3 Nxg6 26. Bxg6 Rxg6 27. Re1 {White mates.} Rg8 {[#]} 28. Nb7+ $1 {[%mdl 512]} Kd7 (28... Qxb7 29. Qd6+) 29. Re7+ Kc6 30. Qa4+ {Precision: White = 85%, Black = 36%.} 1-0

[Event "TUR-chT Superleague 2018"]
[Site "Ankara"]
[Date "2018.07.26"]
[Round "2"]
[White "Triapishko, Aleksandr"]
[Black "Can, Emre"]
[Result "1/2-1/2"]
[WhiteElo "2509"]
[BlackElo "2605"]
[Annotator "TA"]
[PlyCount "237"]
[EventDate "2018.07.25"]
[EventType "team-tourn"]
[EventCountry "TUR"]
[SourceTitle "playchess.com"]
[Source "ChessBase"]
[SourceQuality "1"]

{[%evp 21,237,35,53,42,47,40,54,24,78,56,52,39,79,63,65,50,52,52,41,20,20,29,38,21,11,19,23,13,11,0,0,0,0,-17,0,0,0,0,0,0,0,0,0,0,0,0,0,0,0,0,0,0,0,0,0,0,0,-23,0,0,0,0,0,0,0,0,5,11,22,0,0,0,0,0,0,0,0,0,0,0,0,0,0,0,0,0,0,0,0,0,0,0,0,0,0,0,0,0,0,0,0,0,0,0,0,0,0,0,0,0,0,0,0,0,0,0,0,0,0,0,0,0,0,0,0,0,0,0,0,0,0,0,0,0,0,0,0,0,0,0,0,0,0,0,0,0,0,0,0,0,0,0,0,0,0,0,0,0,0,0,0,0,0,0,0,0,0,0,0,0,0,0,0,0,0,0,0,0,0,0,0,0,0,0,0,0,0,0,0,0,0,0,0,0,0,0,0,0,0,0,0,0,0,0,0,0,0,0,0,0,0,0,0,0,0,0,0,0]} 1. e4 c5 2. Nf3 d6 3. d4 cxd4 4. Nxd4 Nf6 5. Nc3 a6 6. h3 e6 7. g4 {[%cal Bg2g4,Bg4g5][%mdl 32]} Be7 {B81: Sicilian Scheveningen: Keres Attack} (7... Nfd7 8. Bg2 Be7 9. Nce2 Nc6 10. c3 Nce5 11. O-O Ng6 12. f4 Nh4 13. Bh1 O-O 14. f5 e5 15. Nc2 {0-1 (57) Fedoseev,V (2724)-Grischuk,A (2767) Moscow 2018}) 8. g5 Nfd7 9. h4 b5 10. a3 Bb7 11. Be3 Nc5 {LiveBook: 3 Games} 12. Bg2 O-O 13. f4 Nc6 14. O-O $146 ({Predecessor:} 14. Qe2 Qc7 15. O-O-O {½-½ (26) Voronin,A (2355)-Woznica,M (2312) ICCF email 2013}) 14... Re8 (14... Nxd4 $11 {remains equal.} 15. Bxd4 (15. Qxd4 Rc8 $11) 15... Nd7) 15. Nxc6 Bxc6 16. f5 a5 17. fxe6 (17. f6 $5 Bf8 18. e5 Bxg2 19. Kxg2 $16) 17... fxe6 18. Qg4 Bf8 19. Rad1 {[#] Threatens to win with Bxc5.} Nd7 20. Ne2 Ne5 21. Qg3 b4 22. Nd4 bxa3 23. Nxc6 Nxc6 24. e5 d5 25. c4 {[%cal Rc4d5]} Ne7 26. bxa3 Rc8 {[%cal Ba8c8,Bc8c4,Bc4g4][%mdl 32]} 27. Qf2 Nf5 28. Bxd5 ({Not} 28. cxd5 $2 Nxe3 29. Qxe3 Bc5 $19) 28... exd5 29. Qxf5 ({Avoid the trap} 29. Rxd5 $2 {[#]} Nxe3 $1 {[%mdl 512]} 30. Rxd8 Rexd8 $19) 29... Rxc4 30. Qf7+ Kh8 31. Rxd5 Qc8 32. Qf5 Rg4+ 33. Kh2 Rxh4+ 34. Kg3 Qxf5 35. Rxf5 Ra4 36. Bd4 Rxa3+ 37. Kf4 Kg8 38. Rd7 Ra4 {Hoping for ...Bc5.} 39. Ke3 Be7 40. Kd3 {The position is equal.} Rf8 41. Rxf8+ Kxf8 $11 {[%mdl 4096] Endgame KRB-KRB} 42. e6 {And now Ra7 would win.} Rb4 ({But not} 42... Bxg5 $2 43. Rf7+ Ke8 44. Bc5 $18) 43. Ra7 {Ra8+ would kill now.} Rb8 44. Rxa5 Re8 45. Ra7 Bxg5 46. Rf7+ Kg8 47. Rxg7+ Kf8 48. Rxg5 (48. Ke4 {feels hotter.} Rxe6+ 49. Kd5 Re8 50. Rxg5) 48... Rxe6 {KRB-KR} 49. Be5 Rg6 50. Rf5+ Ke7 51. Ke4 h6 52. Kd5 Ra6 53. Rf1 Ra5+ 54. Ke4 Ra2 55. Kf5 Ra8 56. Rc1 Rf8+ 57. Ke4 h5 58. Rc7+ Ke6 59. Rc6+ Kf7 60. Bd6 Rd8 61. Kf5 Rd7 62. Be5 Re7 63. Rh6 h4 64. Bd6 {White wants to mate with Rh7+.} Rd7 65. Ke5 h3 66. Rh7+ Ke8 67. Rh8+ (67. Rxh3 {with more complications.} Rg7 68. Rh8+ Kd7 69. Kd5 Rf7 70. Rb8) 67... Kf7 68. Kd5 Kg6 69. Rxh3 Rf7 70. Ke4 Rf1 71. Rg3+ Kf7 72. Be5 Ke7 73. Kd5 Rd1+ 74. Bd4 Rf1 75. Ra3 Rf7 76. Ke5 Kd7 77. Bc5 Kc6 78. Ke6 Rf4 79. Bd6 Re4+ 80. Be5 Rc4 81. Ra8 Kb7 82. Rd8 Kc6 83. Rd6+ Kc5 84. Bg3 Re4+ 85. Kd7 Kc4 86. Kc6 Rg4 87. Be5 Re4 88. Rd5 Kb4 89. Bd6+ Kc3 90. Kb5 Re2 91. Bb4+ Kc2 92. Ka4 Rg2 93. Rd4 Re2 94. Ba5 Rg2 95. Kb5 Rg5+ 96. Kb4 Re5 97. Bc7 Re3 (97... Re2 {seems wilder.} 98. Ka4 Re3 99. Rd6 Re4+ 100. Kb5 Re1) 98. Bf4 Rb3+ 99. Ka4 (99. Kc5 {looks sharper.} Ra3 100. Rd2+ Kc3 101. Rd1 Ra7 102. Kb5) 99... Rd3 100. Re4 Rc3 101. Be5 Rf3 102. Kb4 Kd3 103. Rd4+ Ke2 104. Kc4 Ra3 105. Bd6 Rf3 106. Rh4 Re3 107. Bc5 Rg3 108. Rh2+ Kf3 109. Kd3 Kf4+ 110. Kd4 {Black must now prevent Bd6+.} Rf3 111. Bd6+ Kf5 112. Rh8 Ke6 113. Be5 Rf7 114. Ke4 Rf1 115. Rh6+ Kf7 116. Bf4 Ke7 117. Kf5 Kd7 118. Rd6+ Ke7 119. Rd2 {Precision: White = 62%, Black = 79%.} 1/2-1/2

[Event "TUR-chT Superleague 2018"]
[Site "Ankara"]
[Date "2018.07.26"]
[Round "2"]
[White "Kevlishvili, Robby"]
[Black "Gulbeyaz, Emir"]
[Result "1-0"]
[WhiteElo "2502"]
[BlackElo "2074"]
[Annotator "ChessBase"]
[PlyCount "85"]
[EventDate "2018.07.25"]
[EventType "team-tourn"]
[EventCountry "TUR"]
[SourceTitle "playchess.com"]
[Source "ChessBase"]
[SourceQuality "1"]
[TimeControl "40/5400+30:1800+30"]

1. e4 {[%emt 0:00:30]} g6 {[%emt 0:01:00]} 2. d4 {[%emt 0:00:30]} Bg7 {[%emt 0:00:30]} 3. Nf3 {[%emt 0:00:30]} d6 {[%emt 0:00:30]} 4. Bc4 {[%emt 0:00:00]} Nf6 {[%emt 0:00:00]} 5. Qe2 {[%emt 0:00:00]} O-O {[%emt 0:00:00]} 6. e5 {[%emt 0:00:00]} dxe5 {[%emt 0:00:30]} 7. dxe5 {[%emt 0:00:00]} Nd5 {[%emt 0:00:30]} 8. h3 {[%emt 0:00:00]} c6 {[%emt 0:00:00]} 9. O-O {[%emt 0:00:00]} e6 {[%emt 0:02:00]} 10. Bb3 {[%emt 0:00:30]} b5 {[%emt 0:01:30]} 11. a4 {[%emt 0:05:30]} bxa4 {[%emt 0:04:30]} 12. Rxa4 {[%emt 0:01:30]} Nd7 {[%emt 0:00:30]} 13. Ra1 {[%emt 0:00:30]} Qc7 {[%emt 0:00:30]} 14. Re1 {[%emt 0:00:30]} Bb7 {[%emt 0:02:30]} 15. Na3 {[%emt 0:11:30]} N5b6 {[%emt 0:13:30]} 16. Bf4 {[%emt 0:04:30]} c5 {[%emt 0:04:30]} 17. Nb5 {[%emt 0:01:30]} Qb8 {[%emt 0:00:00]} 18. Nd2 {[%emt 0:13:30]} Bc6 {[%emt 0:02:00]} 19. Nd6 {[%emt 0:00:30]} Nc8 {[%emt 0:08:30]} 20. N2c4 {[%emt 0:02:30]} Nxd6 {[%emt 0:00:30]} 21. Nxd6 {[%emt 0:12:30]} a5 {[%emt 0:05:30]} 22. Rab1 {[%emt 0:00:30]} Nb6 {[%emt 0:01:30]} 23. Qe3 {[%emt 0:07:30]} a4 {[%emt 0:01:30]} 24. Ba2 {[%emt 0:00:30]} Ra5 {[%emt 0:01:30]} 25. Qc3 {[%emt 0:00:30]} Qa8 {[%emt 0:00:30]} 26. Bd2 {[%emt 0:00:30]} Ra7 {[%emt 0:01:30]} 27. f3 {[%emt 0:04:30]} Nd7 {[%emt 0:00:30]} 28. Nc4 {[%emt 0:02:30]} Bd5 {[%emt 0:00:30]} 29. Ra1 {[%emt 0:01:30]} Qb8 {[%emt 0:01:30]} 30. f4 {[%emt 0:01:30]} f6 {[%emt 0:00:00]} 31. Qe3 {[%emt 0:05:30]} fxe5 {[%emt 0:03:00]} 32. fxe5 {[%emt 0:00:00]} Rf5 {[%emt 0:02:30]} 33. Bc3 {[%emt 0:01:00]} Qf8 {[%emt 0:00:30]} 34. Qg3 {[%emt 0:03:30]} Qe7 {[%emt 0:06:30]} 35. Ne3 {[%emt 0:00:30]} Rg5 {[%emt 0:02:30]} 36. Nxd5 {[%emt 0:00:30]} exd5 {[%emt 0:00:30]} 37. Bxd5+ {[%emt 0:00:30]} Kh8 {[%emt 0:00:00]} 38. Qf4 {[%emt 0:01:30]} Rf5 {[%emt 0:02:00]} 39. Qe4 {[%emt 0:00:30]} Nxe5 {[%emt 0:01:30]} 40. Rxa4 {[%emt 0:00:00]} Rxa4 {[%emt 0:30:30]} 41. Qxa4 {[%emt 0:03:00]} Qd6 {[%emt 0:00:00]} 42. Qe8+ {[%emt 0:00:30]} Rf8 {[%emt 0:00:00]} 43. Qxe5 {[%emt 0:00:30]} 1-0

[Event "TUR-chT Superleague 2018"]
[Site "Ankara"]
[Date "2018.07.26"]
[Round "2"]
[White "Yilmazyerli, Mert"]
[Black "Bolat, Ahmet"]
[Result "1-0"]
[WhiteElo "2491"]
[BlackElo "2124"]
[Annotator "ChessBase"]
[PlyCount "57"]
[EventDate "2018.07.25"]
[EventType "team-tourn"]
[EventCountry "TUR"]
[SourceTitle "playchess.com"]
[Source "ChessBase"]
[SourceQuality "1"]
[TimeControl "40/5400+30:1800+30"]

1. e4 {[%emt 0:00:30]} c5 {[%emt 0:01:00]} 2. Nf3 {[%emt 0:00:30]} Nc6 {[%emt 0:00:00]} 3. Nc3 {[%emt 0:00:30]} Nf6 {[%emt 0:02:00]} 4. Bb5 {[%emt 0:07:30]} Nd4 {[%emt 0:00:30]} 5. e5 {[%emt 0:02:30]} Nxb5 {[%emt 0:05:30]} 6. Nxb5 {[%emt 0:04:30]} Nd5 {[%emt 0:00:30]} 7. Ng5 {[%emt 0:00:30]} f6 {[%emt 0:23:30]} 8. Qf3 {[%emt 0:05:30]} Nc7 {[%emt 0:19:30]} 9. exf6 {[%emt 0:04:30]} exf6 {[%emt 0:01:30]} 10. Qe4+ {[%emt 0:14:30]} Ne6 {[%emt 0:01:30]} 11. Nxh7 {[%emt 0:03:30]} f5 {[%emt 0:11:30]} 12. Qxf5 {[%emt 0:01:30]} Qh4 {[%emt 0:00:00]} 13. Nxf8 {[%emt 0:06:30]} Rxf8 {[%emt 0:01:00]} 14. Qg6+ {[%emt 0:00:30]} Kd8 {[%emt 0:00:30]} 15. Qg3 {[%emt 0:06:30]} Qa4 {[%emt 0:09:30]} 16. Nc3 {[%emt 0:02:30]} Qxc2 {[%emt 0:00:30]} 17. d3 {[%emt 0:02:30]} b6 {[%emt 0:03:56]} 18. Bg5+ {[%emt 0:07:30]} Ke8 {[%emt 0:02:17]} 19. O-O {[%emt 0:03:30]} Qxb2 {[%emt 0:03:42]} 20. Ne4 {[%emt 0:03:30]} Kf7 {[%emt 0:00:41]} 21. Bd2 {[%emt 0:05:38]} Ba6 {[%emt 0:01:44]} 22. Bc3 {[%emt 0:02:30]} Qc2 {[%emt 0:01:49]} 23. Rad1 {[%emt 0:01:23]} d5 {[%emt 0:02:33]} 24. Nd6+ {[%emt 0:02:49]} Kg8 {[%emt 0:03:09]} 25. Qe5 {[%emt 0:00:24]} Nd4 {[%emt 0:02:14]} 26. Bxd4 {[%emt 0:01:05]} cxd4 {[%emt 0:00:06]} 27. Qxd5+ {[%emt 0:01:19]} Kh7 {[%emt 0:00:17]} 28. Qe4+ {[%emt 0:02:48]} Kh8 {[%emt 0:01:29]} 29. Nf7+ {[%emt 0:01:38]} 1-0

[Event "TUR-chT Superleague 2018"]
[Site "Ankara"]
[Date "2018.07.26"]
[Round "2"]
[White "Sadikhov, Ulvi"]
[Black "Kerigan, Demre"]
[Result "1-0"]
[WhiteElo "2484"]
[BlackElo "2366"]
[Annotator "ChessBase"]
[PlyCount "41"]
[EventDate "2018.07.25"]
[EventType "team-tourn"]
[EventCountry "TUR"]
[SourceTitle "playchess.com"]
[Source "ChessBase"]
[SourceQuality "1"]
[TimeControl "40/5400+30:1800+30"]

1. e4 {[%emt 0:00:30]} d6 {[%emt 0:01:00]} 2. d4 {[%emt 0:00:30]} Nf6 {[%emt 0:00:30]} 3. Nc3 {[%emt 0:00:00]} e5 {[%emt 0:00:00]} 4. dxe5 {[%emt 0:01:00]} dxe5 {[%emt 0:00:00]} 5. Qxd8+ {[%emt 0:00:30]} Kxd8 {[%emt 0:00:30]} 6. Bg5 {[%emt 0:00:00]} Be6 {[%emt 0:00:30]} 7. O-O-O+ {[%emt 0:00:00]} Kc8 {[%emt 0:00:30]} 8. Nf3 {[%emt 0:06:30]} Nbd7 {[%emt 0:01:30]} 9. a3 {[%emt 0:00:30]} Ng4 {[%emt 0:07:30]} 10. Bh4 {[%emt 0:02:30]} Bc5 {[%emt 0:03:30]} 11. Rd2 {[%emt 0:01:30]} f6 {[%emt 0:00:30]} 12. h3 {[%emt 0:03:30]} Nh6 {[%emt 0:02:30]} 13. Be2 {[%emt 0:19:30]} Nf7 {[%emt 0:03:30]} 14. Rhd1 {[%emt 0:02:30]} c6 {[%emt 0:09:30]} 15. g4 {[%emt 0:11:30]} h5 {[%emt 0:15:30]} 16. gxh5 {[%emt 0:03:30]} Rxh5 {[%emt 0:08:30]} 17. Na4 {[%emt 0:02:30]} Rxh4 {[%emt 0:13:30]} 18. Rxd7 {[%emt 0:00:30]} Bxf2 {[%emt 0:08:30]} 19. Re7 {[%emt 0:00:30]} Nd8 {[%emt 0:05:27]} 20. Nxh4 {[%emt 0:01:30]} Bxh4 {[%emt 0:00:25]} 21. Rxe6 {[%emt 0:00:30]} 1-0

[Event "TUR-chT Superleague 2018"]
[Site "Ankara"]
[Date "2018.07.26"]
[Round "2"]
[White "Kanmazalp, Ogulcan"]
[Black "Ivic, Velimir"]
[Result "1/2-1/2"]
[WhiteElo "2481"]
[BlackElo "2432"]
[Annotator "TA"]
[PlyCount "97"]
[EventDate "2018.07.25"]
[EventType "team-tourn"]
[EventCountry "TUR"]
[SourceTitle "playchess.com"]
[Source "ChessBase"]
[SourceQuality "1"]

{[%evp 19,97,0,11,0,0,0,0,0,12,0,0,0,0,0,0,0,0,0,0,0,0,0,0,0,15,24,13,8,24,0,8,0,0,0,0,0,14,8,11,12,17,16,15,17,29,6,36,36,36,36,36,16,29,21,31,12,20,20,12,9,9,0,0,0,8,0,0,0,0,0,0,0,0,0,0,0,0,0,0,0]} 1. e4 c5 2. Nf3 d6 3. Bb5+ Nd7 4. O-O a6 5. Bd3 Ngf6 6. Re1 {B51: Sicilian: Moscow Variation (3 Bb5+) without 3...Bd7} (6. c3 b5 7. a4 c4 8. Be2 Bb7 9. axb5 axb5 10. Rxa8 Bxa8 11. Na3 Bxe4 12. Nxb5 d5 {1-0 (28) Svidler,P (2753)-Nepomniachtchi,I (2757) Jerusalem 2018}) 6... e6 7. c3 b5 8. Bc2 c4 9. a4 Bb7 10. d4 cxd3 {LiveBook: 14 Games} 11. Qxd3 Nc5 12. Qe2 bxa4 13. e5 $146 dxe5 14. Nxe5 Qd5 {[%csl Gb7][%cal Rd5g2] [#]} 15. f3 Nfd7 16. Bf4 Nxe5 17. Bxe5 Bd6 18. Bxd6 ({Don't play} 18. Bxg7 Rg8 $17) 18... Qxd6 19. Bxa4+ Nxa4 20. Rxa4 O-O 21. Qe5 Qxe5 (21... Qe7 {looks sharper.} 22. Rd1 Rad8 23. Rad4 f6 24. Qe3 e5) 22. Rxe5 Rfd8 {[#] And now ...Rd1+ would win.} 23. Kf2 Rab8 24. Re2 Bc6 25. Ra5 Rd5 26. Rxd5 Bxd5 $11 {[%mdl 4096] Endgame KRB-KRN} 27. Na3 Kf8 28. b4 Ke7 29. Ke3 g5 30. Rb2 e5 31. c4 Bc6 32. c5 Bd5 33. Kd3 g4 34. fxg4 Rg8 $1 35. h3 {Black must now prevent Nc4.} h5 $1 36. Nc4 {Threatens to win with Ne3.} hxg4 37. Nxe5 gxh3 {The position is equal.} 38. gxh3 Rh8 39. Kd4 Be6 40. Nc6+ Kd7 41. Ne5+ Kc7 42. Re2 Rxh3 43. Nxf7 Rh4+ 44. Kc3 $1 Rc4+ 45. Kd3 Bxf7 46. Re7+ Kc6 {Strongly threatening ...Bd5.} 47. Rxf7 Rxb4 48. Rf6+ Kxc5 49. Rxa6 {Precision: White = 70%, Black = 81%.} 1/2-1/2

[Event "TUR-chT Superleague 2018"]
[Site "Ankara"]
[Date "2018.07.26"]
[Round "2"]
[White "Asadli, Vugar"]
[Black "Sanal, Vahap"]
[Result "1/2-1/2"]
[WhiteElo "2478"]
[BlackElo "2515"]
[Annotator "TA"]
[PlyCount "94"]
[EventDate "2018.07.25"]
[EventType "team-tourn"]
[EventCountry "TUR"]
[SourceTitle "playchess.com"]
[Source "ChessBase"]
[SourceQuality "1"]

{[%evp 22,94,38,22,32,31,53,20,50,50,53,43,64,64,58,58,114,117,118,110,117,87,82,43,54,30,33,28,29,28,28,28,28,27,29,26,29,20,29,6,18,21,20,21,16,25,39,19,22,21,21,21,41,0,0,0,0,0,5,6,21,0,21,21,21,14,12,13,13,13,17,0,2,0,10]} 1. e4 e5 2. Nf3 Nc6 3. Bb5 {[%cal Bf1b5,Bb5a4,Ba4b3][%mdl 32]} a6 4. Ba4 Nf6 5. O-O Be7 6. Re1 b5 7. Bb3 d6 8. c3 O-O 9. h3 Nb8 10. d4 Nbd7 11. Nbd2 {[%cal Bb1d2,Bd2f1,Bf1g3][%mdl 32]} c5 12. Bc2 {LiveBook: 11 Games. C95: Closed Ruy Lopez: Breyer Variation with 10 d4} (12. Nf1 Re8 13. Ng3 Bf8 14. Nf5 exd4 15. cxd4 Bb7 16. e5 dxe5 17. dxe5 Bxf3 18. Qxf3 Nxe5 19. Rxe5 Rxe5 {½-½ (37) Navara,D (2737)-Ponomariov,R (2709) Czech Republic 2017}) 12... Re8 13. d5 Qc7 $146 ({Predecessor:} 13... c4 14. a4 Rb8 15. axb5 axb5 16. b3 Qc7 17. bxc4 bxc4 18. Ba3 Bb7 19. Bb4 Ra8 {1-0 (41) Hausdorf,H (2219)-Viberg,J (2150) ICCF email 2014}) 14. b3 {White is slightly better.} g6 15. a4 Rb8 16. Nf1 Bf8 17. Ng3 Bg7 18. Be3 bxa4 (18... Nb6 $14) 19. Rxa4 $16 Nb6 20. Ra2 a5 21. Bd3 Bd7 22. c4 Ra8 $1 23. Qc2 a4 24. Rea1 {[%cal Rb3a4]} axb3 25. Qxb3 Reb8 26. Rxa8 Rxa8 27. Rb1 Na4 28. Bc2 Ne8 29. Bd2 Bf6 30. Qb7 Ra7 31. Qxc7 Nxc7 32. Nf1 Bd8 33. Ne1 Na6 34. Ra1 Nb6 35. Ne3 Ra8 36. Nd3 f5 37. Nb2 {[%cal Re4f5]} f4 {The position is equal.} 38. Ned1 Kf7 39. Nc3 g5 40. Bd1 Ke7 41. Kf1 Be8 42. g3 h6 43. Be2 Nb4 44. Rxa8 Nxa8 45. Bd1 Nb6 46. g4 Bd7 47. Ke2 Bc8 {Precision: White = 58%, Black = 50%.} 1/2-1/2

[Event "TUR-chT Superleague 2018"]
[Site "Ankara"]
[Date "2018.07.26"]
[Round "2"]
[White "Nechaeva, Marina"]
[Black "Mamedjarova, Zeinab"]
[Result "1-0"]
[WhiteElo "2410"]
[BlackElo "2345"]
[Annotator "TA"]
[PlyCount "91"]
[EventDate "2018.07.25"]
[EventType "team-tourn"]
[EventCountry "TUR"]
[SourceTitle "playchess.com"]
[Source "ChessBase"]
[SourceQuality "1"]

{[%evp 14,91,70,61,77,45,52,49,60,40,61,60,60,55,79,74,87,64,96,95,179,188,162,182,247,240,249,237,325,341,353,211,216,227,268,264,379,363,429,438,525,556,541,552,506,505,756,746,719,582,699,666,713,687,1093,1086,995,948,958,957,952,951,942,942,1387,1380,1365,948,921,904,1099,1087,1422,1355,1221,1226,5583,5506,1505,1419]} 1. d4 d5 2. c4 e6 3. Nc3 f5 4. Bf4 c6 5. e3 Nf6 6. Bd3 Be7 {A84: Dutch Defence: 2 c4 Miscellaneous} (6... Bd6 7. Nf3 O-O 8. Qc2 Ne4 9. O-O Bxf4 10. exf4 Nd7 11. Rac1 h6 12. b4 a6 13. c5 g5 14. Ne2 Qf6 15. Rce1 {1-0 (32) Svane,R (2581)-Jugelt,T (2431) Apolda 2017}) 7. h3 O-O 8. Nf3 {LiveBook: 60 Games} Bd6 {White is slightly better.} 9. Ne5 Qe7 $146 ({Predecessor:} 9... Bxe5 10. Bxe5 Nbd7 11. Bd6 Re8 12. cxd5 Nb6 13. Be5 exd5 14. Qe2 Be6 15. O-O {1-0 (56) Mate,B (2164)-Pinter,M (2073) Hungary 2003}) 10. O-O Nbd7 11. Rc1 Bxe5 12. dxe5 Ne4 13. Ne2 $36 {[%mdl 2048] White is pushing.} a5 14. Nd4 Nb6 15. cxd5 exd5 16. Qc2 g6 (16... c5 $16 {might work better.}) 17. f3 $18 Ng5 18. Qb3 Nd7 {[#]} (18... Qd8 $142 19. Nxc6 bxc6) 19. Qa3 $1 {[%cal Ra3e7]} Qxa3 20. bxa3 h6 21. h4 Nh7 22. Bxh6 (22. e6 $142) 22... Nxe5 23. Bxf8 Kxf8 24. Bb1 Nf6 (24... Kg7 $142 25. h5 gxh5 26. Bxf5 (26. Nxf5+ Bxf5 27. Bxf5 Nf6 $18) 26... Nf6) 25. e4 fxe4 26. fxe4 {White is clearly winning.} Ke7 27. exd5 Nxd5 28. Rce1 Kd6 29. Rf8 Ne7 30. Rd8+ Nd7 31. Re8 Nd5 32. Bxg6 N7f6 33. Rf8 c5 34. Nb5+ Kc6 {[#]} 35. Rxc8+ $1 Rxc8 36. Na7+ Kc7 37. Nxc8 Kxc8 {[%mdl 4096] Endgame KRB-KNN} 38. h5 Kc7 39. h6 b5 40. h7 Nxh7 41. Bxh7 c4 42. g4 {[%cal Bg2g4,Bg4g5][%mdl 32]} Nf4 43. Kf2 Kd6 44. Bf5 b4 45. axb4 axb4 46. g5 {Precision: White = 88%, Black = 37%.} 1-0

[Event "TUR-chT Superleague 2018"]
[Site "Ankara"]
[Date "2018.07.26"]
[Round "2"]
[White "Soysal, Serkan"]
[Black "Kizilkaya, Mehmet"]
[Result "1-0"]
[WhiteElo "2406"]
[BlackElo "2205"]
[Annotator "NA"]
[PlyCount "121"]
[EventDate "2018.07.25"]
[EventType "team-tourn"]
[EventCountry "TUR"]
[SourceTitle "playchess.com"]
[Source "ChessBase"]
[SourceQuality "1"]
[TimeControl "40/5400+30:1800+30"]

1. d4 Nf6 2. c4 e6 3. Nf3 Bb4+ 4. Bd2 Qe7 5. Nc3 b6 6. g3 Bb7 7. Bg2 O-O 8. O-O d6 9. Rc1 Nbd7 10. a3 Bxc3 11. Bxc3 Ne4 12. Re1 f5 13. b4 Ndf6 14. Bb2 Qf7 15. d5 e5 16. Rf1 Qh5 17. e3 Bc8 18. Nd2 Nxd2 19. Qxd2 f4 20. exf4 exf4 21. f3 fxg3 22. hxg3 Bh3 23. Rce1 Bxg2 24. Kxg2 Rae8 25. Rxe8 Rxe8 26. Re1 Rxe1 27. Qxe1 Qf5 28. Qe2 h6 29. g4 Qf4 30. Qe6+ Kh7 31. Bxf6 gxf6 32. Qf7+ Kh8 33. Qf8+ Kh7 34. Qf7+ Kh8 35. Qxc7 Qd2+ 36. Kh3 Qf4 37. Qd8+ Kg7 38. Qe7+ Kg8 39. Qe8+ Kg7 40. Qe7+ Kg8 41. Qe4 Qc1 42. Qg6+ Kh8 43. Qxf6+ Kh7 44. Qf5+ Kg7 45. Qd7+ Kg8 46. Qd8+ Kg7 47. Qc7+ Kg8 48. Qb8+ Kg7 49. Qxa7+ Kf6 50. Qxb6 Ke5 51. Qf2 {[%emt 2:11:34]} Qxc4 {[%emt 2:13:03]} 52. Qe3+ {[%emt 0:00:30]} Kf6 {[%emt 0:01:04]} 53. Qxh6+ {[%emt 0:01:13]} Kf7 {[%emt 0:00:04]} 54. Kg3 {[%emt 0:00:20]} Qc3 {[%emt 0:02:20]} 55. Qe6+ {[%emt 0:01:15]} Kg7 {[%emt 0:00:03]} 56. g5 {[%emt 0:03:16]} Qc1 {[%emt 0:01:40]} 57. Kg4 {[%emt 0:01:40]} Qg1+ {[%emt 0:02:34]} 58. Kf5 {[%emt 0:00:09]} Qg3 {[%emt 0:00:02]} 59. Qf6+ {[%emt 0:00:12]} Kh7 {[%emt 0:00:42]} 60. g6+ {[%emt 0:02:15]} Kh6 {[%emt 0:00:49]} 61. Qh8# {[%emt 0:00:30]} 1-0